000 00230nam a22001097a 4500
082 _a823
_bVAS/R
245 _aRUMBLE IN THE JINGLE
260 _bVASAN
520 _aENGLISH SHORT STORY
650 _aENGLISH SHORT STORY
942 _cBK
999 _c5446
_d5446